Biblioteca

Space, time, and incarnation (Registro nro. 64103)

Detalles MARC
000 -LÍDER
Campo fijo de descripción fija 01385cam a22003734a 4500
001 - NÚMERO DE CONTROL
Campo de control 14196744
003 - IDENTIFICADOR DEL NÚMERO DE CONTROL
Campo de control CO-MdFUSB
005 - FECHA Y HORA DE LA ULTIMA TRANSACCIÓN
control field 20190202100452.0
008 - ELEMENTOS DE LONGITUD FIJA -- INFORMACIÓN GENERAL
Campo fijo de descripción fija -- Información general 051212t19971969stk f b 001 0 eng
010 ## - NÚMERO DE CONTROL DE LA BIBLIOTECA DEL CONGRESO
Número de control LC 2005482324
020 ## - NÚMERO INTERNACIONAL NORMALIZADO PARA LIBROS
Número Internacional Normalizado del libro 0567043118
020 ## - NÚMERO INTERNACIONAL NORMALIZADO PARA LIBROS
Número Internacional Normalizado del libro 9780567043115
040 ## - FUENTE DE CATALOGACIÓN
Agencia de catalogación original DLC
Agencia que realiza la transcripción CO-MdFUSB
Agencia que realiza la modificación CO-MdFUSB
Idioma de catalogación spa
Convenciones de la descripción rda
041 ## - CÓDIGO DE IDIOMA
Código de idioma para texto/pista de sonido o título separado eng
082 00 - NÚMERO DE CLASIFICACIÓN DECIMAL DEWEY
Número de la edición del Dewey 24
Número de clasificación G 232.1
Clave de autor-Numero de item T688s
100 1# - ASIENTO PRINCIPAL--NOMBRE PERSONAL
Nombre personal Torrance, Thomas F.
Fechas asociadas con el nombre 1913-2007.
Término relacionador autor
242 00 - TRADUCCIÓN DEL TÍTULO POR AGENCIA CATALOGADORA
Título Espacio, tiempo y encarnación
245 00 - TÍTULO
Título del Material Space, time, and incarnation
Mención de responsabilidad, etc. / Thomas F. Torrance.
Parte restante del título - Subtitulo :
264 #1 - PRODUCCIÓN, PUBLICACIÓN, DISTRIBUCIÓN, MANUFACTURA, Y COPYRIGHT
Lugar de producción, publicación, distribución, manufactura Edinburgh :
Nombre del productor, publicador, distribuidor T&T Clark,
Fecha de producción, publicación, distribución, manufactura, o copyright ℗1997
264 #1 - PRODUCCIÓN, PUBLICACIÓN, DISTRIBUCIÓN, MANUFACTURA, Y COPYRIGHT
Fecha de producción, publicación, distribución, manufactura, o copyright ©1969
300 ## - DESCRIPCIÓN FÍSICA
Extensión viii, 92 páginas :
Dimensiones 22 cm.
Otros detalles físicos :
336 ## - TIPO DE CONTENIDO
Fuente rdacontent
Término de tipo de contenido texto
Código de tipo de contenido txt
337 ## - TIPO DE MEDIO
Fuente rdamedia
Nombre del tipo de medio sin mediación
Código del tipo de medio n
338 ## - TIPO DE SOPORTE
Fuente rdacarrier
Nombre del tipo de soporte volumen
Código Tipo de soporte nc
500 ## - NOTA GENERAL
Nota General Originally published: London ; New York : Oxford University Press, 1969.
501 ## - NOTA DE “CON”
Nota de Contenido Incluye índice (p. 91- 92)
505 ## - NOTA DE CONTENIDO
Nota de contenido con formato preestablecido El problema de los conceptos espaciales en la teología de Nicea - El problema de los conceptos espaciales en la reforma y la teología moderna - Encarnación y espacio y tiempo
650 #7 - ASIENTO SECUNDARIO DE MATERIA - TERMINO TEMÁTICO
Término temático o nombre geográfico como elemento de entrada Encarnación
Fuente del encabezamiento o término
9 (RLIN) 399
906 ## - LOCAL DATA ELEMENT F, LDF (RLIN)
a 7
b cbc
c orignew
d 2
e ncip
f 20
g y-gencatlg
942 ## - TIPO DE MATERIAL (KOHA)
Tipo de Item KOHA Libros General
Existencias
Estado de Material Estado de Perdido Forma de Clasificación Estado de Dañado No para Préstamo Colección Biblioteca de Origen Biblioteca Permanente Fecha de Adquisición Total de Préstamos Signatura Topográfica Código de Barras Última vez visto Ejemplar/Existencia Fecha de Remplazo Tipo de Material
    Dewey Decimal Classification     Colección General Biblioteca FUSBC Biblioteca FUSBC 26/10/2017   G 232.1 T688s 15431 12/12/2019 Ej. 1 26/10/2017 Libros General

Biblioteca FUSBC | Teléfono: (57+4) 349 88 10 Ext. 141| WhatsApp (+57) 3005338115 
E-mail: biblioteca@unisbc.edu.co | Calle 76 87-14 Robledo Palenque, Medellín, Colombia

Con tecnología Koha